Organigrama : data vigència: 1 d'abril de 1999 / Diputació de Barcelona data vigència:
Descripción Física:
[78] p. ; 30 cm
Materias:
Barcelona. Diputació -- S.XX
MARC
| LEADER | 00000nam a2200000Ia 4500 | ||
|---|---|---|---|
| 001 | 17384 | ||
| 008 | 160829s9999 xx 000 0 cat d | ||
| 080 | |a M-5-190 | ||
| 110 | 1 | |a Barcelona (Catalunya : Província). |b Diputació |9 52408 | |
| 245 | |a Organigrama : |b data vigència: |b 1 d'abril de 1999 / Diputació de Barcelona | ||
| 260 | |a [Barcelona] : |b Diputació de Barcelona, [1999] | ||
| 300 | |a [78] p. ; |c 30 cm | ||
| 650 | |a Barcelona. Diputació |x S.XX |9 22993 | ||
| 901 | |a Arxiu | ||
| 942 | |n 1 | ||
| 952 | |0 0 |1 0 |4 0 |6 M5190 |7 1 |9 42427 |a Arxiu |b Arxiu |d 2016-12-01 |l 0 |o M-5-190 |p 17384 |r 2016-12-01 00:00:00 |w 2016-12-01 |y ARXIU | ||
| 999 | |c 44932 |d 44932 | ||